[Event "9th Vellmar Chess Days"]
[Site "chess24.com"]
[Date "2017.07.16"]
[Round "7"]
[White "Poelig, Juergen"]
[Black "Koerbel, Ekkehard"]
[Result "1/2-1/2"]
[Board "42"]
[WhiteElo "1883"]
[WhiteCountry "GER"]
[WhiteFideId "24661686"]
[WhiteEloChange "-1"]
[BlackElo "1838"]
[BlackCountry "GER"]
[BlackFideId "12976148"]
[BlackEloChange "1"]

1. Nf3 {[%clk 1:30:57]} e6 {[%clk 1:29:33]} 2. g3 {[%clk 1:31:19]} d5 {[%clk
1:29:56]} 3. Bg2 {[%clk 1:31:43]} Nf6 {[%clk 1:29:47]} 4. O-O {[%clk 1:31:52]} b6
{[%clk 1:27:58]} 5. d3 {[%clk 1:32:11]} Bb7 {[%clk 1:28:16]} 6. Nbd2 {[%clk
1:32:13]} Nbd7 {[%clk 1:22:11]} 7. Re1 {[%clk 1:31:01]} Bd6 {[%clk 1:20:25]} 8.
e4 {[%clk 1:30:27]} dxe4 {[%clk 1:17:22]} 9. dxe4 {[%clk 1:30:53]} e5 {[%clk
1:17:14]} 10. h3 {[%clk 1:15:16]} O-O {[%clk 1:16:32]} 11. b3 {[%clk 1:09:15]}
Re8 {[%clk 1:08:58]} 12. Bb2 {[%clk 1:07:52]} Nc5 {[%clk 1:04:16]} 13. Nh4 {[%clk
1:07:04]} Qd7 {[%clk 0:47:41]} 14. Qe2 {[%clk 0:56:49]} Rad8 {[%clk 0:42:05]} 15.
Rad1 {[%clk 0:54:09]} Qe6 {[%clk 0:42:16]} 16. g4 {[%clk 0:44:22]} g6 {[%clk
0:38:44]} 17. Qe3 {[%clk 0:30:37]} Qe7 {[%clk 0:29:43]} 18. Qg3 {[%clk 0:26:44]}
a5 {[%clk 0:24:22]} 19. Bf3 {[%clk 0:22:35]} b5 {[%clk 0:19:04]} 1/2-1/2

[Event "9th Vellmar Chess Days"]
[Site "chess24.com"]
[Date "2017.07.16"]
[Round "7"]
[White "Henkemeier, Michael"]
[Black "Powalla, Christian"]
[Result "1-0"]
[Board "43"]
[WhiteElo "1879"]
[WhiteCountry "GER"]
[WhiteFideId "24611379"]
[WhiteEloChange "8"]
[BlackElo "1826"]
[BlackCountry "GER"]
[BlackFideId "24658413"]
[BlackEloChange "-8"]

1. d4 {[%clk 1:30:58]} Nf6 {[%clk 1:30:57]} 2. Nf3 {[%clk 1:31:24]} g6 {[%clk
1:31:08]} 3. c4 {[%clk 1:31:10]} c5 {[%clk 1:30:11]} 4. d5 {[%clk 1:30:45]} b5
{[%clk 1:30:33]} 5. e3 {[%clk 1:28:15]} b4 {[%clk 1:27:23]} 6. b3 {[%clk
1:27:30]} d6 {[%clk 1:26:39]} 7. Bb2 {[%clk 1:26:05]} Bg7 {[%clk 1:26:57]} 8. Be2
{[%clk 1:25:18]} O-O {[%clk 1:27:05]} 9. O-O {[%clk 1:25:45]} Nbd7 {[%clk
1:26:30]} 10. Nbd2 {[%clk 1:25:35]} a5 {[%clk 1:25:32]} 11. a4 {[%clk 1:20:19]}
bxa3 {[%clk 1:20:34]} 12. Rxa3 {[%clk 1:20:29]} Nb6 {[%clk 1:16:40]} 13. Qa1
{[%clk 1:18:33]} a4 {[%clk 1:11:48]} 14. bxa4 {[%clk 1:11:52]} Ba6 {[%clk
1:12:04]} 15. Re1 {[%clk 1:05:21]} e5 {[%clk 1:05:23]} 16. dxe6 {[%clk 1:02:42]}
fxe6 {[%clk 1:05:40]} 17. e4 {[%clk 0:46:15]} Nh5 {[%clk 1:01:38]} 18. Bxg7
{[%clk 0:43:22]} Nxg7 {[%clk 1:01:35]} 19. a5 {[%clk 0:40:43]} Nd7 {[%clk
0:58:38]} 20. Qc3 {[%clk 0:39:40]} Qc7 {[%clk 0:57:40]} 21. Nf1 {[%clk 0:38:53]}
Rfb8 {[%clk 0:55:45]} 22. Ne3 {[%clk 0:37:29]} Rb4 {[%clk 0:51:43]} 23. Ng5
{[%clk 0:37:10]} Qb8 {[%clk 0:49:59]} 24. Bg4 {[%clk 0:29:09]} Qe8 {[%clk
0:47:43]} 25. f4 {[%clk 0:24:29]} h6 {[%clk 0:47:00]} 26. Nf3 {[%clk 0:24:27]}
Qe7 {[%clk 0:46:19]} 27. f5 {[%clk 0:21:40]} gxf5 {[%clk 0:43:48]} 28. exf5
{[%clk 0:21:30]} Nf6 {[%clk 0:43:24]} 29. fxe6 {[%clk 0:13:02]} Bxc4 {[%clk
0:38:20]} 30. Nxc4 {[%clk 0:11:19]} Nxg4 {[%clk 0:38:23]} 31. Nb6 {[%clk
0:11:41]} Qa7 {[%clk 0:34:48]} 32. e7 {[%clk 0:05:51]} Ne8 {[%clk 0:29:35]} 33.
Nxa8 {[%clk 0:04:33]} c4+ {[%clk 0:28:50]} 34. Qd4 {[%clk 0:04:51]} Qxd4+ {[%clk
0:27:30]} 35. Nxd4 {[%clk 0:05:19]} c3 {[%clk 0:27:44]} 36. Nc2 {[%clk 0:05:16]}
1-0

[Event "9th Vellmar Chess Days"]
[Site "chess24.com"]
[Date "2017.07.16"]
[Round "7"]
[White "Beyer, Nils"]
[Black "Domroese, Michael"]
[Result "1/2-1/2"]
[Board "44"]
[WhiteElo "1807"]
[WhiteCountry "GER"]
[WhiteFideId "12995355"]
[WhiteEloChange "1"]
[BlackElo "1842"]
[BlackCountry "GER"]
[BlackFideId "24696145"]
[BlackEloChange "-1"]

1. d4 {[%clk 1:30:55]} c5 {[%clk 1:30:57]} 2. d5 {[%clk 1:31:09]} d6 {[%clk
1:31:10]} 3. c4 {[%clk 1:29:41]} g6 {[%clk 1:31:34]} 4. g3 {[%clk 1:30:08]} Bg7
{[%clk 1:31:53]} 5. Bg2 {[%clk 1:30:34]} Nf6 {[%clk 1:31:53]} 6. Nc3 {[%clk
1:30:31]} O-O {[%clk 1:31:53]} 7. Nf3 {[%clk 1:30:44]} e6 {[%clk 1:30:13]} 8. O-O
{[%clk 1:30:41]} exd5 {[%clk 1:30:15]} 9. cxd5 {[%clk 1:28:07]} Bf5 {[%clk
1:26:16]} 10. Nd2 {[%clk 1:24:01]} Qd7 {[%clk 1:23:50]} 11. Re1 {[%clk 1:22:04]}
Re8 {[%clk 1:22:30]} 12. a4 {[%clk 1:15:38]} Na6 {[%clk 1:21:51]} 13. e4 {[%clk
1:13:44]} Bh3 {[%clk 1:22:13]} 14. Bh1 {[%clk 1:11:36]} Ng4 {[%clk 1:16:18]} 15.
Nb5 {[%clk 1:06:05]} Nb4 {[%clk 1:14:47]} 16. Nc4 {[%clk 1:03:30]} Bf8 {[%clk
1:03:26]} 17. Bf4 {[%clk 0:59:41]} Ne5 {[%clk 1:03:13]} 18. Nxe5 {[%clk 0:53:37]}
dxe5 {[%clk 1:03:31]} 19. Be3 {[%clk 0:53:29]} a6 {[%clk 1:03:47]} 20. Na3 {[%clk
0:51:07]} b5 {[%clk 0:50:56]} 21. Nc2 {[%clk 0:51:07]} c4 {[%clk 0:48:52]} 22.
Nxb4 {[%clk 0:40:40]} Bxb4 {[%clk 0:49:20]} 23. Re2 {[%clk 0:38:08]} Bg4 {[%clk
0:43:28]} 24. f3 {[%clk 0:38:19]} Bh3 {[%clk 0:43:57]} 25. Bd2 {[%clk 0:32:42]}
Qa7+ {[%clk 0:40:16]} 26. Be3 {[%clk 0:32:19]} Bc5 {[%clk 0:40:44]} 27. Qd2
{[%clk 0:32:47]} Qb6 {[%clk 0:33:48]} 28. f4 {[%clk 0:27:42]} Rad8 {[%clk
0:29:18]} 29. axb5 {[%clk 0:24:15]} axb5 {[%clk 0:29:32]} 30. Bxc5 {[%clk
0:23:28]} Qxc5+ {[%clk 0:30:01]} 31. Qe3 {[%clk 0:23:49]} Qxe3+ {[%clk 0:27:26]}
32. Rxe3 {[%clk 0:24:01]} exf4 {[%clk 0:27:20]} 33. gxf4 {[%clk 0:23:59]} Rxd5
{[%clk 0:27:18]} 34. Rxh3 {[%clk 0:23:14]} Rd2 {[%clk 0:26:58]} 35. b3 {[%clk
0:20:48]} Rc2 {[%clk 0:22:27]} 36. bxc4 {[%clk 0:18:57]} bxc4 {[%clk 0:22:55]}
37. Rha3 {[%clk 0:19:06]} Kg7 {[%clk 0:22:02]} 38. R3a2 {[%clk 0:18:18]} Rc3
{[%clk 0:21:35]} 39. e5 {[%clk 0:18:04]} Rd8 {[%clk 0:21:02]} 40. Ra3 {[%clk
0:13:00]} Rc2 {[%clk 0:20:10]} 41. Be4 {[%clk 0:08:02]} Re2 {[%clk 0:20:23]} 42.
Bf3 {[%clk 0:06:40]} Rc2 {[%clk 0:19:52]} 43. R1a2 {[%clk 0:05:44]} Rc1+ {[%clk
0:17:43]} 44. Kf2 {[%clk 0:05:04]} c3 {[%clk 0:17:46]} 45. Ra1 {[%clk 0:03:24]}
Rd2+ {[%clk 0:16:52]} 46. Ke3 {[%clk 0:02:12]} Rcc2 {[%clk 0:10:02]} 47. Bd1
{[%clk 0:30:16]} Rb2 {[%clk 0:40:41]} 48. Rxc3 {[%clk 0:29:47]} Rxh2 {[%clk
0:41:09]} 49. Bf3 {[%clk 0:28:31]} Rb4 {[%clk 0:38:42]} 50. f5 {[%clk 0:26:21]}
Rb5 {[%clk 0:38:02]} 51. f6+ {[%clk 0:23:30]} Kh6 {[%clk 0:38:14]} 52. Kf4 {[%clk
0:18:44]} Rh4+ {[%clk 0:35:06]} 53. Kg3 {[%clk 0:18:44]} g5 {[%clk 0:34:01]} 54.
Re3 {[%clk 0:16:15]} Rbb4 {[%clk 0:30:52]} 55. Rh1 {[%clk 0:15:06]} Rxh1 {[%clk
0:30:40]} 56. Bxh1 {[%clk 0:15:24]} Rf4 {[%clk 0:30:20]} 57. e6 {[%clk 0:13:25]}
fxe6 {[%clk 0:30:47]} 58. Rxe6 {[%clk 0:13:16]} Kg6 {[%clk 0:30:39]} 59. Bc6
{[%clk 0:01:45]} 1/2-1/2

[Event "9th Vellmar Chess Days"]
[Site "chess24.com"]
[Date "2017.07.16"]
[Round "7"]
[White "Wolf, Philipp"]
[Black "Reitz, Theresa"]
[Result "1-0"]
[Board "45"]
[WhiteElo "1865"]
[WhiteCountry "GER"]
[WhiteFideId "12958948"]
[WhiteEloChange "6"]
[BlackElo "1706"]
[BlackCountry "GER"]
[BlackFideId "12971901"]
[BlackEloChange "-6"]

1. e4 {[%clk 1:28:14]} c5 {[%clk 1:30:54]} 2. Nc3 {[%clk 1:28:27]} a6 {[%clk
1:31:19]} 3. Nge2 {[%clk 1:28:46]} b5 {[%clk 1:31:28]} 4. d4 {[%clk 1:28:42]}
cxd4 {[%clk 1:31:34]} 5. Nxd4 {[%clk 1:29:06]} Bb7 {[%clk 1:31:35]} 6. Bd3 {[%clk
1:27:31]} Qc7 {[%clk 1:25:54]} 7. Be3 {[%clk 1:25:28]} Nf6 {[%clk 1:24:50]} 8. f3
{[%clk 1:22:52]} e6 {[%clk 1:23:48]} 9. O-O {[%clk 1:11:50]} Bb4 {[%clk 1:19:22]}
10. Nce2 {[%clk 0:51:50]} d5 {[%clk 1:12:22]} 11. exd5 {[%clk 0:46:04]} Nxd5
{[%clk 1:12:36]} 12. Bd2 {[%clk 0:44:48]} Bc5 {[%clk 1:09:21]} 13. Kh1 {[%clk
0:41:26]} O-O {[%clk 1:04:44]} 14. Qe1 {[%clk 0:34:09]} h6 {[%clk 0:53:49]} 15.
Qh4 {[%clk 0:28:30]} Be7 {[%clk 0:49:40]} 16. Qg4 {[%clk 0:25:16]} Nf6 {[%clk
0:47:42]} 17. Qh3 {[%clk 0:24:51]} Rd8 {[%clk 0:41:21]} 18. Rae1 {[%clk 0:14:43]}
Nbd7 {[%clk 0:36:21]} 19. Nxe6 {[%clk 0:09:25]} fxe6 {[%clk 0:36:11]} 20. Qxe6+
{[%clk 0:09:49]} Kf8 {[%clk 0:26:04]} 21. Nf4 {[%clk 0:09:22]} Ne5 {[%clk
0:19:48]} 22. Rxe5 {[%clk 0:08:18]} Rd7 {[%clk 0:19:39]} 23. Rfe1 {[%clk
0:05:55]} 1-0

[Event "9th Vellmar Chess Days"]
[Site "chess24.com"]
[Date "2017.07.16"]
[Round "7"]
[White "Sakhra, Roman"]
[Black "Geisler, Reinhard"]
[Result "1/2-1/2"]
[Board "46"]
[WhiteElo "1472"]
[WhiteCountry "GER"]
[WhiteFideId "16227590"]
[WhiteEloChange "8"]
[BlackElo "1835"]
[BlackCountry "GER"]
[BlackFideId "4679733"]
[BlackEloChange "-8"]

1. d4 {[%clk 1:30:57]} d5 {[%clk 1:29:45]} 2. Nf3 {[%clk 1:30:53]} Nf6 {[%clk
1:29:41]} 3. Bf4 {[%clk 1:31:17]} c5 {[%clk 1:28:21]} 4. c3 {[%clk 1:31:42]} e6
{[%clk 1:27:28]} 5. e3 {[%clk 1:32:05]} Nc6 {[%clk 1:27:50]} 6. Bd3 {[%clk
1:30:40]} Bd6 {[%clk 1:27:52]} 7. Bg3 {[%clk 1:31:03]} O-O {[%clk 1:27:52]} 8.
Nbd2 {[%clk 1:31:03]} b6 {[%clk 1:26:54]} 9. Ne5 {[%clk 1:31:01]} Bb7 {[%clk
1:27:03]} 10. Ndf3 {[%clk 1:31:19]} Ne4 {[%clk 1:24:38]} 11. Nxc6 {[%clk
1:28:57]} Bxc6 {[%clk 1:24:47]} 12. Bxd6 {[%clk 1:28:06]} Qxd6 {[%clk 1:24:59]}
13. O-O {[%clk 1:28:01]} a6 {[%clk 1:18:35]} 14. Ne5 {[%clk 1:26:51]} f6 {[%clk
1:08:30]} 15. Nxc6 {[%clk 1:26:12]} Qxc6 {[%clk 1:08:55]} 16. Qh5 {[%clk
1:22:09]} f5 {[%clk 1:09:01]} 17. Qe2 {[%clk 1:21:04]} c4 {[%clk 1:09:02]} 18.
Bc2 {[%clk 1:20:30]} Rae8 {[%clk 1:09:02]} 1/2-1/2

[Event "9th Vellmar Chess Days"]
[Site "chess24.com"]
[Date "2017.07.16"]
[Round "7"]
[White "Boerma, Daniel"]
[Black "Toval, David"]
[Result "0-1"]
[Board "47"]
[WhiteElo "1825"]
[WhiteCountry "GER"]
[WhiteFideId "12965715"]
[WhiteEloChange "-13"]
[BlackElo "1733"]
[BlackCountry "GER"]
[BlackFideId "12992755"]
[BlackEloChange "13"]

1. d4 {[%clk 1:30:30]} Nf6 {[%clk 1:30:30]} 2. c4 {[%clk 1:30:30]} e6 {[%clk
1:30:30]} 3. Nf3 {[%clk 1:30:30]} b6 {[%clk 1:30:30]} 4. Nc3 {[%clk 1:30:30]} Bb4
{[%clk 1:30:30]} 5. Bd2 {[%clk 1:30:30]} O-O {[%clk 1:30:30]} 6. e3 {[%clk
1:30:30]} Bb7 {[%clk 1:30:30]} 7. Bd3 {[%clk 1:30:30]} d6 {[%clk 1:30:30]} 8. Rc1
{[%clk 1:30:30]} Nbd7 {[%clk 1:30:30]} 9. O-O {[%clk 1:30:30]} Bxc3 {[%clk
1:30:30]} 10. Bxc3 {[%clk 1:30:30]} Ne4 {[%clk 1:30:30]} 11. Nd2 {[%clk 1:30:30]}
f5 {[%clk 1:30:30]} 12. f3 {[%clk 1:30:30]} Nxc3 {[%clk 1:30:30]} 13. Rxc3 {[%clk
1:30:30]} Qg5 {[%clk 1:30:30]} 14. Qe2 {[%clk 1:30:30]} Rf6 {[%clk 1:30:30]} 15.
b4 {[%clk 1:30:30]} Rh6 {[%clk 1:30:30]} 16. c5 {[%clk 1:30:30]} dxc5 {[%clk
1:30:30]} 17. bxc5 {[%clk 1:30:30]} bxc5 {[%clk 1:30:30]} 18. dxc5 {[%clk
1:30:30]} Ne5 {[%clk 1:30:30]} 19. Rb3 {[%clk 1:30:30]} Bd5 {[%clk 1:30:30]} 20.
f4 {[%clk 1:30:30]} Qh4 {[%clk 1:30:30]} 21. g3 {[%clk 1:30:30]} Rg6 {[%clk
1:30:30]} 22. fxe5 {[%clk 1:30:30]} Rxg3+ {[%clk 1:30:30]} 0-1

[Event "9th Vellmar Chess Days"]
[Site "chess24.com"]
[Date "2017.07.16"]
[Round "7"]
[White "Reichelt, Ole"]
[Black "Seepe, Uwe"]
[Result "1-0"]
[Board "48"]
[WhiteElo "1736"]
[WhiteCountry "GER"]
[WhiteFideId "12965073"]
[WhiteEloChange "8"]
[BlackElo "1662"]
[BlackCountry "GER"]
[BlackFideId "12992585"]
[BlackEloChange "-8"]

1. d4 {[%clk 1:30:30]} d5 {[%clk 1:30:30]} 2. Nf3 {[%clk 1:30:30]} Nf6 {[%clk
1:30:30]} 3. e3 {[%clk 1:30:30]} e6 {[%clk 1:30:30]} 4. Bd3 {[%clk 1:30:30]} c5
{[%clk 1:30:30]} 5. b3 {[%clk 1:30:30]} Nc6 {[%clk 1:30:30]} 6. Bb2 {[%clk
1:30:30]} Bd7 {[%clk 1:30:30]} 7. O-O {[%clk 1:30:30]} Rc8 {[%clk 1:30:30]} 8. a3
{[%clk 1:30:30]} Bd6 {[%clk 1:30:30]} 9. Ne5 {[%clk 1:30:30]} O-O {[%clk
1:30:30]} 10. Nd2 {[%clk 1:30:30]} Ne7 {[%clk 1:30:30]} 11. f4 {[%clk 1:30:30]}
Nf5 {[%clk 1:30:30]} 12. Qe1 {[%clk 1:30:30]} Be7 {[%clk 1:30:30]} 13. Rf3 {[%clk
1:30:30]} Nd6 {[%clk 1:30:30]} 14. Rh3 {[%clk 1:30:30]} Nfe4 {[%clk 1:30:30]} 15.
Qe2 {[%clk 1:30:30]} g6 {[%clk 1:30:30]} 16. dxc5 {[%clk 1:30:30]} Rxc5 {[%clk
1:30:30]} 17. Bd4 {[%clk 1:30:30]} Rc8 {[%clk 1:30:30]} 18. Nxd7 {[%clk 1:30:30]}
Qxd7 {[%clk 1:30:30]} 19. Bxe4 {[%clk 1:30:30]} Nxe4 {[%clk 1:30:30]} 20. Nxe4
{[%clk 1:30:30]} dxe4 {[%clk 1:30:30]} 21. Qh5 {[%clk 1:30:30]} 1-0

[Event "9th Vellmar Chess Days"]
[Site "chess24.com"]
[Date "2017.07.16"]
[Round "7"]
[White "von Lossow, Marcus"]
[Black "Schulze, Nick"]
[Result "1-0"]
[Board "49"]
[WhiteElo "1781"]
[WhiteCountry "GER"]
[WhiteFideId "12942090"]
[WhiteEloChange "10"]
[BlackElo "1790"]
[BlackCountry "GER"]
[BlackFideId "16212312"]
[BlackEloChange "-10"]

1. e4 {[%clk 1:30:30]} c5 {[%clk 1:30:30]} 2. Nf3 {[%clk 1:30:30]} d6 {[%clk
1:30:30]} 3. d4 {[%clk 1:30:30]} cxd4 {[%clk 1:30:30]} 4. Nxd4 {[%clk 1:30:30]}
Nf6 {[%clk 1:30:30]} 5. Nc3 {[%clk 1:30:30]} g6 {[%clk 1:30:30]} 6. Be3 {[%clk
1:30:30]} Bg7 {[%clk 1:30:30]} 7. f3 {[%clk 1:30:30]} Nc6 {[%clk 1:30:30]} 8. Qd2
{[%clk 1:30:30]} O-O {[%clk 1:30:30]} 9. g4 {[%clk 1:30:30]} Be6 {[%clk 1:30:30]}
10. h4 {[%clk 1:30:30]} h5 {[%clk 1:30:30]} 11. Nxe6 {[%clk 1:30:30]} fxe6 {[%clk
1:30:30]} 12. gxh5 {[%clk 1:30:30]} Nxh5 {[%clk 1:30:30]} 13. Rg1 {[%clk
1:30:30]} Ne5 {[%clk 1:30:30]} 14. Be2 {[%clk 1:30:30]} Rxf3 {[%clk 1:30:30]} 15.
Rxg6 {[%clk 1:30:30]} Rxe3 {[%clk 1:30:30]} 16. Rxg7+ {[%clk 1:30:30]} Nxg7
{[%clk 1:30:30]} 17. Qxe3 {[%clk 1:30:30]} Qe8 {[%clk 1:30:30]} 18. O-O-O {[%clk
1:30:30]} Qg6 {[%clk 1:30:30]} 19. Rg1 {[%clk 1:30:30]} Qh7 {[%clk 1:30:30]} 20.
Qg5 {[%clk 1:30:30]} Kf7 {[%clk 1:30:30]} 21. Rf1+ {[%clk 1:30:30]} Ke8 {[%clk
1:30:30]} 22. Bb5+ {[%clk 1:30:30]} Nc6 {[%clk 1:30:30]} 23. Rg1 {[%clk 1:30:30]}
Kf7 {[%clk 1:30:30]} 24. Qf4+ {[%clk 1:30:30]} Ke8 {[%clk 1:30:30]} 25. Qg4
{[%clk 1:30:30]} Kf7 {[%clk 1:30:30]} 26. Rf1+ {[%clk 1:30:30]} Ke8 {[%clk
1:30:30]} 27. Qg5 {[%clk 1:30:30]} Nh5 {[%clk 1:30:30]} 28. Bc4 {[%clk 1:30:30]}
Kd7 {[%clk 1:30:30]} 29. Rg1 {[%clk 1:30:30]} Ne5 {[%clk 1:30:30]} 30. Bb5+
{[%clk 1:30:30]} Kc7 {[%clk 1:30:30]} 31. Be2 {[%clk 1:30:30]} Nf6 {[%clk
1:30:30]} 32. Nb5+ {[%clk 1:30:30]} Kd7 {[%clk 1:30:30]} 33. Nxd6 {[%clk
1:30:30]} exd6 {[%clk 1:30:30]} 34. Qxf6 {[%clk 1:30:30]} Qxe4 {[%clk 1:30:30]}
35. Bb5+ {[%clk 1:30:30]} Kc7 {[%clk 1:30:30]} 36. Qf2 {[%clk 1:30:30]} Ng4
{[%clk 1:30:30]} 37. Qd2 {[%clk 1:30:30]} Ne3 {[%clk 1:30:30]} 38. Qa5+ {[%clk
1:30:30]} b6 {[%clk 1:30:30]} 39. Qc3+ {[%clk 1:30:30]} Kd8 {[%clk 1:30:30]} 40.
Qh8+ {[%clk 1:30:30]} Ke7 {[%clk 1:30:30]} 41. Qg7+ {[%clk 1:30:30]} 1-0

[Event "9th Vellmar Chess Days"]
[Site "chess24.com"]
[Date "2017.07.16"]
[Round "7"]
[White "Rehbein, Ullrich"]
[Black "Luke, Niko"]
[Result "1-0"]
[Board "50"]
[WhiteElo "1788"]
[WhiteCountry "GER"]
[WhiteFideId "4681037"]
[WhiteEloChange "11"]
[BlackElo "1823"]
[BlackCountry "GER"]
[BlackFideId "16205553"]
[BlackEloChange "-11"]

1. d4 {[%clk 1:30:30]} Nf6 {[%clk 1:30:30]} 2. Nf3 {[%clk 1:30:30]} e6 {[%clk
1:30:30]} 3. Bf4 {[%clk 1:30:30]} c5 {[%clk 1:30:30]} 4. c3 {[%clk 1:30:30]} d5
{[%clk 1:30:30]} 5. e3 {[%clk 1:30:30]} cxd4 {[%clk 1:30:30]} 6. exd4 {[%clk
1:30:30]} Nc6 {[%clk 1:30:30]} 7. Bd3 {[%clk 1:30:30]} Be7 {[%clk 1:30:30]} 8.
O-O {[%clk 1:30:30]} O-O {[%clk 1:30:30]} 9. Nbd2 {[%clk 1:30:30]} h6 {[%clk
1:30:30]} 10. h3 {[%clk 1:30:30]} Bd6 {[%clk 1:30:30]} 11. Ne5 {[%clk 1:30:30]}
Qc7 {[%clk 1:30:30]} 12. Ndf3 {[%clk 1:30:30]} Rb8 {[%clk 1:30:30]} 13. Qc1
{[%clk 1:30:30]} b5 {[%clk 1:30:30]} 14. Bxh6 {[%clk 1:30:30]} Nxe5 {[%clk
1:30:30]} 15. Nxe5 {[%clk 1:30:30]} Bxe5 {[%clk 1:30:30]} 16. dxe5 {[%clk
1:30:30]} Qxe5 {[%clk 1:30:30]} 17. Bf4 {[%clk 1:30:30]} 1-0